1499 1031 1677 1997 1506 1291 1180 1696 1308 1028 1956 1675 1753 1829 1041 1047 1791 1150 1394 1300 1608 1156 1482 1900 1450 1151 1055 1554 1296 1306 1876 1877 1432 1134 1174 1727 1024 1570 1736 1297 1398 1593 1275 1262 1530 1908 1922 1072 1811 1180 1640 1767 1791 1171 1806 1712 1917 1658 1451 1762 1489 1387 1452 1765 1666 1248 1853 1971 1351 1168 1611 1360 1184 1719 1938 1617 1149 1837 1463 1866 1547 1435 1127 1041 1549 1635 1090 1687 1012 1911 1887 1377 1532 1639 1815 1124 1617 1761 1966 BCNSPRNW ULIB Ver.6.0+V

เปลี่ยนเป็นภาษาไทย

Change to English
 แสดงรายละเอียดบรรณานุกรม
  กลับหน้าหลัก

Brief Record : Get Marc (ISO 2709) : E-mail record : QR code < ปิดหน้าต่าง
LEADER : 00000nam 2200000uu 4500
001    13399126198
003     ULIB
008    180716s2015||||th 000 0 tha d
020    ^a9781107645622
050 00 ^aPE1128^bC172^cV.9
245 10 ^aCambridge practice tests for IELTS 9
260    ^aCambridge :^bCambridge University Press,^c2015
300    ^a176 p.:^bill. ;^c25 cm.
650 00 ^aInternational English Language Testing System.
650 00 ^aEnglish language^xExaminations, questions, etc.
650 00 ^aEnglish language^xTextbooks for foreign speakers
945    ^p0^l0^i26416
999    ^aกัณชพร จุลอักษร
รายการนี้ยังไม่มีแท็ก
คุณยังไม่ได้ล็อกอิน คุณสามารถมีกิจกรรมร่วมกับเว็บไซต์ได้ แต่ต้องล็อกอินก่อน ::
  ล็อกอิน

รายการสื่อสารสนเทศ

ลำดับที่ ประเภท เลขเรียก/บาร์โค้ด สถานที่ สถานะ
1. วิทยาศาสตร์การแพทย์ และสุขภาพ
วิทยาศาสตร์การแพทย์ และสุขภาพ
PE1128 C172 V.9 ฉ.1 
  Barcode: 26416
ห้องสมุดวิทยาเขตนครสวรรค์
►หนังสือทั่วไป:l:General Books
บนชั้น

รายการใกล้เคียง
    ชื่อเรื่อง [Cambridge practice tests for IELTS 9]

    หัวเรื่อง [International English Language Testing System.]

BibComment


ยังไม่เคยถูกคอมเมนท์

คอมเมนท์ทรัพยากรรายการนี้
  คอมเมนท์: Cambridge practi..


 Copyright 2026. Bcnsprnw @Library